Top 10 Largest Islands: Sudden Death - Statistics

General Stats
  • This quiz has been taken 18 times
  • The average score is 6 of 10
Answers on the Grid
Answers color-coded by a green-red scale on the quiz's grid according to % correct below.
Greenland
New Guinea
Borneo
Madagascar
Baffin Island
Sumatra
Honshu
Victoria Island
Great Britain
Ellesmere Island
Cuba
Ireland
Hokkaido
Hispaniola
Tasmania
Taiwan
Vancouver Island
Sicily
Jamaica
Cyprus
Crete
Santorini
Long Island
Sardinia
Corsica
Iceland
Sri Lanka
Puerto Rico
Bali
Hainan
 
Answer Stats
Answer % Correct
Greenland
94%
Madagascar
88%
Borneo
69%
New Guinea
63%
Baffin Island
56%
Great Britain
56%
Sumatra
56%
Ellesmere Island
38%
Honshu
38%
Victoria Island
38%
No matching quizzes found
Score Distribution
Percent of People with Each Score
Percentile by Number Answered
Your Score History
You have not taken this quiz